| 000 | 00695cam a2200205 4500 | ||
|---|---|---|---|
| 001 | WB3626-33 | ||
| 008 | 000000n2000 000 0 eng u | ||
| 035 | _a(Sirsi) u106992 | ||
| 245 | _aAnimal database launch | ||
| 260 | _c2000 | ||
| 490 |
_aFarmers' Weekly _vJune 30 - July 6 22(1) |
||
| 520 | _aFarmstock.net has been launched and plans to set up a database of farm animals, giving their detailed history. The proposals have been welcomed by buyers but the information could be expensive to purchase. | ||
| 590 | _aWB | ||
| 650 | _aANIMAL DATABASE | ||
| 650 | _aFARMSTOCK.NET | ||
| 650 | _aFARM INSPECTIONS | ||
| 650 | _aLIVESTOCK AUCTIONS | ||
| 690 |
_aRural _96268 |
||
| 942 | _n0 | ||
| 999 |
_c63971 _d63971 |
||